Statistics for Queen Charlotte - this scene

Click here to take the quiz!

General Stats

  • This quiz has been taken 52 times
  • The average score is 312 of 430

Answer Stats

Mots% Correct
Do
94%
do.
94%
do
94%
love
94%
me?
94%
me
94%
me ?
94%
me,
94%
me.
94%
will
94%
you
94%
you...
94%
you.
94%
you !
94%
you ?
94%
you,
94%
You
94%
A
89%
a
89%
I...
89%
I
89%
no,
89%
No,
89%
No
89%
No.
89%
not
89%
to
89%
are.
83%
are
83%
Charlotte
83%
Charlotte!
83%
Charlotte.
83%
from
83%
From
83%
go
83%
Go.
83%
go.
83%
the
83%
The
83%
want
83%
when
83%
And
78%
and
78%
can
78%
can...
78%
for
78%
have
78%
leave.
78%
mo...
78%
moment
78%
saw
78%
trying
78%
wall.
78%
where
78%
with
78%
between
72%
breath
72%
cannot.
72%
cannot
72%
George.
72%
George !
72%
is...
72%
is
72%
Is
72%
it.
72%
it
72%
it !
72%
over
72%
Please,
72%
Please
72%
stand
72%
tell
72%
What
72%
earth
67%
earth,
67%
heard
67%
heavens
67%
near,
67%
that.
67%
That
67%
that
67%
your
67%
command
61%
loved
61%
see
61%
stay !
61%
stay
61%
then
61%
We
61%
we
61%
am
56%
am.
56%
away.
56%
away
56%
this.
56%
this
56%
This
56%
wish
56%
wish.
56%
calls
50%
desperately.
50%
heart
50%
If
50%
in
50%
In
50%
in.
50%
life
50%
my
50%
My
50%
name.
50%
never
50%
never...
50%
order
50%
say
50%
so
50%
alone,
44%
alone
44%
as
44%
because
44%
believe
44%
Get
44%
know
44%
queen
44%
there
44%
Buckingham House
39%
force
39%
I'm
39%
live
39%
make
39%
much
39%
on
39%
out !
39%
stop.
39%
wife
39%
world.
39%
been
33%
care
33%
could
33%
marry
33%
our
33%
wanted
33%
All
28%
all
28%
back
28%
But
28%
come.
28%
different
28%
failure
28%
had
28%
listening
28%
madman.
28%
perhaps
28%
Perhaps
28%
protect
28%
separate
28%
though
28%
utterly
28%
yourself.
28%
another
22%
baby
22%
believing
22%
better
22%
collide.
22%
conversation
22%
creeping
22%
disease.
22%
first
22%
mind,
22%
own
22%
reason.
22%
suffering
22%
worlds
22%
danger.
17%
days
17%
fill
17%
lives
17%
survive.
17%
wishes
17%
occurred
11%
one
11%
suddenly
11%
today
11%

Score Distribution

Percentile by Number Answered

Percent of People with Each Score

Your Score History

You have not taken this quiz